| 000 | 00741nam a22002417a 4500 | ||
|---|---|---|---|
| 003 | BPGM | ||
| 005 | 20260205215512.0 | ||
| 008 | 260205s mx a|||| |||| 00| 0 spa d | ||
| 040 |
_aBPGM _bspa |
||
| 041 |
_aspa _hspa |
||
| 082 | 0 | 4 |
_21964 , _a759.972 / _bF47 |
| 100 | _aFERNANDEZ, JUSTINO | ||
| 245 | _aLA PINTURA MODERNA MEXICANA | ||
| 260 |
_aMEXICO: _bEDITORIAL PORMACA , _c1964. |
||
| 300 |
_a233 páginas ; _c15.2 x 19.5 cm |
||
| 336 |
_2rdacontent _atexto _btxt |
||
| 337 |
_2rdamedia _asin mediación _bn |
||
| 338 |
_2rdacarrier _avolumen _bnc |
||
| 650 | _2LAS ARTES BELLAS ARTES Y ARTES DECORATIVAS | ||
| 650 | _2PINTURA Y PINTURAS | ||
| 650 | _2TRATAMIENTO HISTÓRICO, GEOGRÁFICO, DE PERSONAS | ||
| 942 |
_2ddc _cGENERAL |
||
| 999 |
_c68510 _d68510 |
||